000
00322nam a2200109Ia 4500
008
170221s9999 xx 000 0 und d
260
_b
International Journal of Management and Marketing Reseach
260
_c
2016
300
_a
15 : 4
650
_x
Marketing.
856
_u
http://www.theibfr.com/ARCHIVE/IJMMR-V9N2-2016.pdf
999
_c
312072
_d
312072